01331nam a22002417a 450000100040000000500170000400800410002102000180006204000330008005000150011308200110012810000300013924501000016926000360026930000480030549000170035350500080037052005570037852100200093552100190095565000490097465000660102370820230703144501.0230703b cb ||||| |||| 00| 0 eng d a9780531147788 aFISKH beng cFISKH dFISKH  aJK1025.T39 a328.73 aTaylor-Bulter, Christine  aThe congress of the United States / bThe first congress had only 79 members. Today it has 535. aNew York : bScholastic.c2008. a48 pages ; bcolor illustrations, c22 cm.  3A true book  aQ  aIdeal for today's young investigative reader, each A True Book includes lively sidebars, a glossary and index, plus a comprehensive "To Find Out More" section listing books, organizations, and Internet sites. A staple of library collections since the 1950s, the new A True Book series is the definitive nonfiction series for elementary school readers. A True Book -- American History: How do you wrap a 450,000-pound gift? What is the world's oldest and shortest written constitution? Find out in this patriotic celebration of things uniquely American. a660 bLexile  aQ bRaz-Plus  aUnited StatesvCongressxJuvenile literature aUnited States vPolitics and governmentxJuvenile literature